书目信息 |
| 题名: |
梦想与期待
|
|
| 作者: | 曲格平 著 | |
| 分册: | ||
| 出版信息: | 北京 中国环境科学出版社 2000.10 |
|
| 页数: | 285页 | |
| 开本: | 20cm | |
| 丛书名: | ||
| 单 册: | ||
| 中图分类: | X | |
| 科图分类: | ||
| 主题词: | 环境科学 , 劳动?0 , a安全学 a劳动保护 , 安全科学 | |
| 电子资源: | ||
| ISBN: | 7-80163-029-7 | |
| 000 | 00647nam0 2200229 45 | |
| 001 | 0240197148 | |
| 005 | 2002041511095689 | |
| 010 | @a7-80163-029-7@dRMB 28.00 | |
| 100 | @a20020415d km y0chiy0120 ea | |
| 101 | 0 | @achi |
| 102 | @aCN@b110000 | |
| 200 | 1 | @a梦想与期待@Ameng xiang yu qi dai@f曲格平著@Fqu ge ping zhu |
| 210 | @a北京@c中国环境科学出版社@d2000.10 | |
| 215 | @a285页@d20cm | |
| 606 | 0 | @a环境科学 |
| 606 | 0 | @a劳动?0 |
| 606 | @@@@@@@@@@a安全学 @a劳动保护 | |
| 606 | 0 | @a安全科学 |
| 690 | @@@@@@@@@@aX@aX-1@v3 | |
| 701 | 0 | @a曲格平@Aqu ge ping@4著 |
| 801 | 0 | @@@@@@@@@@aCN@bPFT@c20020415 |
| 905 | @@@@@@@@@@a安徽大学@dX-1@eQ512 | |
| 梦想与期待/曲格平著.-北京:中国环境科学出版社,2000.10 |
| 285页;20cm |
| ISBN 7-80163-029-7:RMB 28.00 |
| ● |
| 相关链接 |
|
|
|
正题名:梦想与期待
索取号:X-1/Q512
 
预约/预借
| 序号 | 登录号 | 条形码 | 馆藏地/架位号 | 状态 | 备注 |
| 1 | 358488 | 203584889 | 自科库501/501自科库 60排5列3层/ [索取号:X-1/Q512] | 在馆 | |
| 2 | 358489 | 203584898 | 自科库501/501自科库 60排5列3层/ [索取号:X-1/Q512] | 在馆 |